| 000 | 00364nam a22001457a 4500 | ||
|---|---|---|---|
| 003 | OSt | ||
| 005 | 20211229102154.0 | ||
| 008 | 211229b |||||||| |||| 00| 0 eng d | ||
| 020 | _a1572318058 | ||
| 040 | _cHU | ||
| 082 | _a005.44769 | ||
| 100 |
_aMicrosoft _925751 |
||
| 245 | _aMicrosoft Windows 2000 Server TCP/ IP Core Networking Guide | ||
| 942 |
_2ddc _cBOOKS _n0 |
||
| 999 |
_c24858 _d24858 |
||